The design of well-structured and correct programs /
Guardado en:
| Autor Principal: | |
|---|---|
| Otros Autores: | |
| Formato: | Libro |
| Idioma: | English |
| Publicado: |
New York :
Springer-Verlag,
c1978.
|
| Series: | Texts and monographs in computer science
|
| Materias: | |
| Etiquetas: |
Agregar Etiqueta
Sin Etiquetas, Sea el primero en etiquetar este registro!
|
| LEADER | 00942cam a2200241 a 4500 | ||
|---|---|---|---|
| 001 | MAT.inmabb002937 | ||
| 008 | 771215s1978####nyua#####b####001#0#eng## | ||
| 005 | 20130409121041.0 | ||
| 245 | 1 | 4 | |a The design of well-structured and correct programs / |c Suad Alagic, Michael A. Arbib. |
| 260 | |a New York : |b Springer-Verlag, |c c1978. | ||
| 300 | |a x, 292 p. : |b il. ; |c 25 cm. | ||
| 490 | 0 | |a Texts and monographs in computer science | |
| 500 | |a "Portions of the material, in rather different form, appeared in Alagic's Serbo-Croatian text Principi programiranja"--Preface. | ||
| 504 | |a Incluye referencias bibliográficas (p. [249]-252) e índices. | ||
| 020 | |a 0387902996 | ||
| 100 | 1 | |a Alagic, Suad, |d 1946- | |
| 700 | 1 | |a Arbib, Michael A. | |
| 650 | 0 | |a Computer programming. | |
| 650 | 0 | |a Pascal (Computer program language) | |
| 084 | |a 68Nxx |2 msc2000 | ||
| 010 | |a 77027087 | ||
| 040 | |a DLC |c DLC |d DLC | ||
| 859 | |h 68 |i Al316 |p A-4858 |b BIB. MATEMATICA | ||
